[Event "Oberliga Baden 2324"]
[Site "Germany"]
[Date "2024.01.14"]
[Round "5.7"]
[White "Wielsch, Klaus"]
[Black "Stemmler, Tim"]
[Result "1/2-1/2"]
[WhiteElo "2149"]
[BlackElo "2025"]
[PlyCount "47"]
[EventDate "2023.09.17"]
[EventType "team-tourn"]
[EventRounds "9"]
[EventCountry "GER"]
[SourceTitle "EXT 2025"]
[Source "ChessBase"]
[SourceDate "2024.10.14"]
[SourceVersion "1"]
[SourceVersionDate "2024.10.14"]
[SourceQuality "1"]
[WhiteTeam "Brombach"]
[BlackTeam "Ladenburg"]
[WhiteTeamCountry "GER"]
[BlackTeamCountry "GER"]

1. d4 Nf6 2. c4 e6 3. Nf3 d5 4. Nc3 Bb4 5. Qb3 a5 6. Bg5 0-0 7. e3 c6 8. cxd5 exd5 9. Bd3 Nbd7 10. 0-0 Re8 11. a3 Be7 12. h3 Nh5 13. Bxe7 Qxe7 14. Rfe1 Nf8 15. e4 dxe4 16. Bxe4 Be6 17. d5 cxd5 18. Bxd5 Nf6 19. Bxe6 Nxe6 20. Rad1 Red8 21. Rxd8+ Rxd8 22. Qb6 Ra8 23. Qb5 Qd7 24. Qxd7 1/2-1/2

[Event "Oberliga Baden 2223"]
[Site "Germany"]
[Date "2023.03.19"]
[Round "8.4"]
[White "Stemmler, Tim"]
[Black "Beikert, Guenther"]
[Result "0-1"]
[WhiteElo "1999"]
[BlackElo "2368"]
[PlyCount "116"]
[EventDate "2022.09.18"]
[EventType "team-tourn"]
[EventRounds "9"]
[EventCountry "GER"]
[SourceTitle "EXT 2024"]
[Source "ChessBase"]
[SourceDate "2023.10.10"]
[SourceVersion "1"]
[SourceVersionDate "2023.10.10"]
[SourceQuality "1"]
[WhiteTeam "Ladenburg"]
[BlackTeam "Viernheim II"]
[WhiteTeamCountry "GER"]
[BlackTeamCountry "GER"]

1. d4 d5 2. c4 dxc4 3. Nf3 c5 4. e3 cxd4 5. Bxc4 Qc7 6. Bb5+ Nd7 7. 0-0 Ngf6 8. exd4 e6 9. Nc3 a6 10. Ba4 Bd6 11. Bg5 b5 12. Bb3 h6 13. Bh4 Bb7 14. Bg3 0-0 15. Rc1 Bxg3 16. hxg3 Qd6 17. Re1 Bxf3 18. gxf3 Nb6 19. Ne4 Nxe4 20. Rxe4 Rad8 21. Qe2 Rc8 22. Rd1 Nd5 23. Re5 Nf6 24. f4 Rfd8 25. f5 exf5 26. Rxf5 Rc7 27. Qf3 Qb6 28. d5 Rcd7 29. Kg2 Rd6 30. Re5 Qc7 31. Qe2 Kf8 32. a3 Re8 33. Rxe8+ Nxe8 34. Qe5 Qe7 35. Qxe7+ Kxe7 36. f4 Nf6 37. Kf3 Rd7 38. g4 Kd6 39. g5 hxg5 40. fxg5 Nh7 41. Kf4 Nf8 42. Rc1 Ng6+ 43. Kf5 Ne7+ 44. Ke4 Rd8 45. Rh1 Re8 46. Rh7 Ng6+ 47. Kd4 Rg8 48. Rh1 Ne5 49. Ke4 Re8 50. Rh7 g6 51. Kf4 Nd3+ 52. Kf3 Re1 53. Kg3 Re3+ 54. Kh2 Re2+ 55. Kg3 Re3+ 56. Kh2 Re2+ 57. Kg3 Rxb2 58. Bd1 Ne5 0-1

[Event "Verbandsliga Nordbaden 1920"]
[Site "Baden"]
[Date "2020.03.08"]
[Round "7.5"]
[White "Ungerer, Markus"]
[Black "Stemmler, Tim"]
[Result "0-1"]
[WhiteElo "2131"]
[BlackElo "2037"]
[PlyCount "130"]
[EventDate "2019.09.29"]
[EventType "team-tourn"]
[EventRounds "9"]
[EventCountry "GER"]
[SourceTitle "EXT 2021"]
[Source "ChessBase"]
[SourceDate "2020.10.23"]
[SourceVersion "1"]
[SourceVersionDate "2020.10.23"]
[SourceQuality "1"]
[WhiteTeam "Pforzheim"]
[BlackTeam "Ladenburg"]
[WhiteTeamCountry "GER"]
[BlackTeamCountry "GER"]

1. e4 e5 2. Nf3 Nc6 3. d4 exd4 4. Bc4 Nf6 5. 0-0 Nxe4 6. Re1 d5 7. Bxd5 Qxd5 8. Nc3 Qd7 9. Nxe4 Be7 10. Bg5 0-0 11. Bxe7 Qxe7 12. Nxd4 Bd7 13. Nb3 Rae8 14. Qd2 Bf5 15. Ng3 Be6 16. Qf4 Rd8 17. c3 Qd6 18. Qxd6 Rxd6 19. Nc5 Bc8 20. b4 b6 21. Nce4 Rd3 22. b5 Ne5 23. Rac1 f6 24. c4 Rfd8 25. f4 Ng6 26. f5 Ne5 27. c5 Ra3 28. cxb6 cxb6 29. Rc2 Kf8 30. Nd6 Rxd6 31. Rxc8+ Kf7 32. Ne4 Rd7 33. Rc2 Ke7 34. Ng5 fxg5 35. Rxe5+ Kf6 36. Rce2 g4 37. Re6+ Kf7 38. R6e4 h5 39. Kf2 Rd5 40. Re7+ Kf6 41. R2e6+ Kxf5 42. Re2 g6 43. Rb2 h4 44. Re3 Rdd3 45. Re8 Rd4 46. Re3 Rda4 47. Ree2 Kf4 48. Rec2 g3+ 49. hxg3+ hxg3+ 50. Ke2 Re4+ 51. Kf1 Rae3 52. Rc1 Ke5 53. Rd2 Rh4 54. Kg1 Rd4 55. Rdc2 Red3 56. Re2+ Kd5 57. Kf1 Rd1+ 58. Re1 Rf4+ 59. Kg1 Rxe1+ 60. Rxe1 Re4 61. Rc1 Rb4 62. Kf1 Rxb5 63. Rc2 Kd4 64. Ke2 Rf5 65. Kd1 Rf2 0-1

[Event "Oberliga Baden 1617"]
[Site "Baden"]
[Date "2017.03.19"]
[Round "7.8"]
[White "Becker, Dirk"]
[Black "Stemmler, Tim"]
[Result "0-1"]
[WhiteElo "2275"]
[BlackElo "1958"]
[PlyCount "116"]
[EventDate "2016.10.16"]
[EventType "team-tourn"]
[EventRounds "9"]
[EventCountry "GER"]
[SourceTitle "EXT 2018"]
[Source "ChessBase"]
[SourceDate "2017.10.13"]
[SourceVersion "1"]
[SourceVersionDate "2017.10.13"]
[SourceQuality "1"]
[WhiteTeam "Baden-Baden II"]
[BlackTeam "Ladenburg"]
[WhiteTeamCountry "GER"]
[BlackTeamCountry "GER"]

1. e4 e5 2. Nf3 Nc6 3. Bc4 Nf6 4. Ng5 d5 5. exd5 Na5 6. Bb5+ c6 7. dxc6 bxc6 8. Qf3 Be7 9. Bd3 h6 10. Ne4 Nd5 11. Ng3 Nf4 12. Bf5 Bb7 13. 0-0 g6 14. d3 gxf5 15. Bxf4 c5 16. Qe3 Qd5 17. f3 exf4 18. Qxf4 Bc8 19. Kh1 Qd4 20. Qc7 Bd8 21. Re1+ Be6 22. c3 Bxc7 23. cxd4 Bxg3 24. hxg3 cxd4 25. Nd2 Nc6 26. a3 a5 27. Rac1 Kd7 28. Nc4 Rhb8 29. Re2 Rb3 30. Rec2 Bxc4 31. Rxc4 Rc8 32. Rd1 Rxb2 33. Rc5 Kd6 34. Rxf5 Ne5 35. Rf6+ Kd5 36. Rxh6 Rcc2 37. Rh5 Kd6 38. Rh4 Nc6 39. Rh6+ Kd7 40. Rg1 Rd2 41. Rh7 Rxd3 42. Rxf7+ Ke6 43. Rh7 Rxa3 44. Re1+ Re3 45. Rc1 Rc3 46. Re1+ Kd5 47. g4 Rcc2 48. Rd7+ Kc5 49. Rg1 Ne5 50. Rc7+ Kd6 51. Rh7 d3 52. g5 d2 53. Rh6+ Kd5 54. Rh8 Rc1 55. Rd8+ Ke6 56. Re8+ Kf7 57. Rxe5 Rxg1+ 58. Kxg1 d1Q+ 0-1

[Event "Verbandsliga Nordbaden 1415"]
[Site "Baden"]
[Date "2014.11.02"]
[Round "2.8"]
[White "Stemmler, Tim"]
[Black "Oden, Edgar"]
[Result "1-0"]
[WhiteElo "1961"]
[BlackElo "2008"]
[PlyCount "75"]
[EventDate "2014.10.12"]
[EventType "team-tourn"]
[EventRounds "9"]
[EventCountry "GER"]
[SourceTitle "EXT 2022"]
[Source "ChessBase"]
[SourceDate "2021.10.06"]
[SourceVersion "1"]
[SourceVersionDate "2021.10.06"]
[SourceQuality "1"]
[WhiteTeam "Ladenburg"]
[BlackTeam "Bad Mergentheim II"]
[WhiteTeamCountry "GER"]
[BlackTeamCountry "GER"]

1. d4 Nf6 2. c4 e6 3. Nc3 d5 4. cxd5 exd5 5. Bg5 Be7 6. e3 0-0 7. Bd3 Re8 8. Nf3 Bg4 9. 0-0 Nbd7 10. Rc1 c6 11. Qc2 Ne4 12. Bf4 Nef6 13. Ne5 Bh5 14. Qb1 Nf8 15. b4 a6 16. a4 N6d7 17. b5 axb5 18. axb5 Nxe5 19. Bxe5 c5 20. dxc5 Bxc5 21. Bg3 d4 22. Ne4 Ba3 23. Rc7 dxe3 24. fxe3 Re7 25. b6 Ne6 26. Rc3 Bg6 27. Bh4 f6 28. Nxf6+ gxf6 29. Bxg6 Ng5 30. Bxg5 fxg5 31. Qa2+ Kg7 32. Rxa3 Rxa3 33. Qxa3 Kxg6 34. Qc5 Qd7 35. Qc2+ Kg7 36. Qc3+ Kg8 37. Qf6 Qe6 38. Qf8# 1-0